| 000 | 003360000a22001450004500 | ||
|---|---|---|---|
| 003 | MACL | ||
| 040 | _aMACL | ||
| 090 |
_c9080 _d9079 |
||
| 100 | _aChowdhury, Sunandan Roy | ||
| 245 | _aPublishing in India | ||
| 260 |
_bAll Bengal Publishers _c2008 |
||
| 350 | _a100 | ||
| 650 | _aNews, Media, Journalism, Publishing | ||
| 942 |
_cBOOK _k070 |
||
| 999 |
_c9025 _d9025 |
||